Análisis de la respuesta sísmica inelástica de un marco de cuatro pisos de concreto reforzado
保存先:
| 第一著者: | |
|---|---|
| フォーマット: | 図書 |
| 出版事項: |
San José, Costa Rica
1989
|
| 主題: | |
| タグ: |
タグ追加
タグなし, このレコードへの初めてのタグを付けませんか!
|
MARC
| LEADER | 00000nam a2200000Ia 4500 | ||
|---|---|---|---|
| 003 | 004740 | ||
| 005 | 20221231144338.0 | ||
| 008 | 140114s1989 cr a m 000 ||s d | ||
| 040 | |c cru CEDI | ||
| 090 | |a TFG 2201 | ||
| 100 | |a Gamboa Herrera, Silvia |9 13285 | ||
| 245 | |a Análisis de la respuesta sísmica inelástica de un marco de cuatro pisos de concreto reforzado | ||
| 260 | |c 1989 |a San José, Costa Rica | ||
| 300 | |a [92] hojas : ilustraciones ; 28 cm | ||
| 500 | |a Proyecto de graduacion (licenciatura en ingeniería civil)--Universidad de Costa Rica. Facultad de Ingeniería. Escuela de Ingeniería Civil | ||
| 650 | |x CONSTRUCCIONES ANTISISMICAS |x DINAMICA DE ESTRUCTURAS |9 13286 | ||
| 942 | |c TFG | ||
| 999 | |c 20488 |d 20488 | ||
